000 00715nam a2200217 i 4500
001 57260
003 ES-MaACL
005 20250301063104.0
007 t|
008 031015s1935 sp ||||1| spa d
080 _a821.134.2-1"19"(082.2)
100 1 _aDomenchina, Juan José,
_d1898-1959
_945067
_eaut
245 1 0 _aCrónicas de "Gerardo Rivera" /
_cJuan José Domenchina
260 _aMadrid :
_b[s.n.,
_c1935] (
_fBolaños y Aguilar)
300 _a233 p. ;
_c19 cm.
500 _aJuan José Domenchina usó el seudónimo de "Gerardo Rivera" como crítico literario de "El Sol"
655 0 _9233806
_aCríticas literarias
852 _aES-MaACL
_jA-3338
942 _2udc
999 _c57260
_d57260